Trouve les paroles de Star de Jain - Statistiques

Statistiques générales
  • Ce quiz a été pris 6 fois
  • Le résultat moyen est 337 sur 344
Statistiques - réponses
Hint Réponse % Correct
. | .. a
100%
. any
100%
. are
100%
. be
100%
. beat
100%
. big
100%
. brave
100%
. Break
100%
. break
100%
. | .. But
100%
. | .. can't
100%
. captain
100%
. cause
100%
. Cause
100%
.. creation
100%
. DNA
100%
. | .. don't
100%
. Ego
100%
. every
100%
. feel
100%
. | .. flow
100%
. Get
100%
. | .. get
100%
. goes
100%
. gonna
100%
. I
100%
. I'm
100%
. in
100%
. into
100%
. is
100%
. it
100%
. | .. know
100%
. Let's
100%
. life
100%
. lights
100%
. look
100%
.. mad
100%
. | .. made
100%
. make
100%
. MBA
100%
. minute
100%
. misunderstood
100%
. mojo
100%
. moon
100%
. Music
100%
. music's
100%
. mutation
100%
. my
100%
. My
100%
. need
100%
. no
100%
. not
100%
. | .. of
100%
.. oh
100%
. on
100%
. On
100%
.. only
100%
. or
100%
. other
100%
. own
100%
. put
100%
. redemption
100%
. rest
100%
. | .. revolution
100%
. right
100%
. rules
100%
. safe
100%
. salvation
100%
. stand
100%
. Stand
100%
. star
100%
. Stop
100%
. stress
100%
. style
100%
. take
100%
. | .. the
100%
.. they'll
100%
. time
100%
. | .. to
100%
. up
100%
. | .. wanna
100%
. want
100%
. way
100%
. way's
100%
. when
100%
. who
100%
. world
100%
. | .. you
100%
. You
100%
. | .. your
100%
. and
75%
. Billi
75%
. billi
75%
.. by
75%
. eyes
75%
. Fears
75%
. fierce
75%
. front
75%
. got
75%
.. Hide
75%
. ideas
75%
. okay
75%
. out
75%
. ride
75%
. rise
75%
. side
75%
. some
75%
. stays
75%
. them
75%
. tons
75%
. billions
50%
. coming
50%
. wild
50%
. place
25%
Aucun quiz correspondant
Distribution des résultats
% des personnes avec chaque résultat
Percentile par nombre de réponses
Votre historique - résultats
Vous n’avez pas pris ce quiz